Bible Trivia #1 - Statistics

General Stats
  • This quiz has been taken 50 times
  • The average score is 6 of 12
Answer Stats
Question Answer % Correct
What is the last book of the Bible? Revelation
98%
What was the criminal's name who was released by Pontius Pilate in Jesus' place? Barabbas
85%
Which of these was not one of the Plagues of Egypt? Lions
85%
What is considered Jesus' first miracle he preformed? Turning water into wine at a wedding
78%
Which of these books is authored by a "minor" prophet? Joel
59%
Which Animal is NOT mentioned in the Bible? Zebra
59%
How Many books are in the Protestant Old Testament? 39
51%
Which of Job's blessings was NOT taken away from him? His wife
39%
Which of these statements was made by the Apostle Paul in the New Testament? I wish those who unsettle you would emmasculate themselves!...
32%
What is the name of Noah's oldest son? Japheth
24%
Which metaphor does Jesus NOT use in His teachings? The body is one and has many members...
20%
Which of these statements is found in the book of Revelation? He will dwell with them, and they will be His people...
15%
No matching quizzes found
Score Distribution
Percent of People with Each Score
Percentile by Number Answered
Your Score History
You have not taken this quiz